Hiến pháp nước Cộng hòa Xã hội Chủ nghĩa Việt Nam năm 1992

Những qui định cụ thể trong Hiến pháp năm 1992: Nghĩa vụ quyền lợi của công dân, nghị viện nhân dân, chính phủ, cơ quan tư pháp, hội đồng nhân dân.. Bản Hiến pháp này đã sửa đổi, bổ sung theo nghị quyết số 51/2001-QH10 ngày 25 tháng 12 năm 2001...

Celý popis

Uloženo v:
Podrobná bibliografie
Médium: Kniha
Jazyk:Undetermined
Vydáno: Hà Nội Chính trị Quốc gia 2008
Témata:
Tagy: Přidat tag
Žádné tagy, Buďte první, kdo otaguje tento záznam!
Thư viện lưu trữ: Trung tâm Học liệu Trường Đại học Cần Thơ
LEADER 01111nam a2200193Ia 4500
001 CTU_148257
008 210402s9999 xx 000 0 und d
020 |c 11000 
082 |a 342.597 
082 |b H305 
245 0 |a Hiến pháp nước Cộng hòa Xã hội Chủ nghĩa Việt Nam năm 1992 
260 |a Hà Nội 
260 |b Chính trị Quốc gia 
260 |c 2008 
520 |a Những qui định cụ thể trong Hiến pháp năm 1992: Nghĩa vụ quyền lợi của công dân, nghị viện nhân dân, chính phủ, cơ quan tư pháp, hội đồng nhân dân.. Bản Hiến pháp này đã sửa đổi, bổ sung theo nghị quyết số 51/2001-QH10 ngày 25 tháng 12 năm 2001 của Quốc hội khóa X, kỳ họp thứ 10 về việc sửa đổi, bổ sungn một số điều của Hiến pháp năm 1992. 
650 |a Constitutional law,Hiến pháp 
650 |z Vietnam,Việt Nam 
904 |i Trọng Hiếu 
980 |a Trung tâm Học liệu Trường Đại học Cần Thơ